| 000 | 01609nam a2200385 a 4500 | ||
|---|---|---|---|
| 001 | ebr10149931 | ||
| 003 | CaPaEBR | ||
| 006 | m u | ||
| 007 | cr cn||||||||| | ||
| 008 | 040227s2004 dcuab sb 101 0 eng | ||
| 010 | _z 2004004597 | ||
| 020 | _z1559630833 (cloth : alk. paper) | ||
| 020 | _z1559630841 (pbk. : alk. paper) | ||
| 040 |
_aCaPaEBR _cCaPaEBR |
||
| 035 | _a(OCoLC)560176497 | ||
| 043 | _an------ | ||
| 050 | 1 | 4 |
_aQL737.C2 _bP36 2004eb |
| 082 | 0 | 4 |
_a639.97/97 _222 |
| 245 | 0 | 0 |
_aPeople and predators _h[electronic resource] : _bfrom conflict to coexistence / _cedited by Nina Fascione, Aimee Delach, Martin E. Smith ; foreword by James A. Estes. |
| 260 |
_aWashington : _bIsland Press, _cc2004. |
||
| 300 |
_axvi, 285 p. : _bill., maps. |
||
| 500 | _a"Defenders of Wildlife." | ||
| 504 | _aIncludes bibliographical references and index. | ||
| 533 |
_aElectronic reproduction. _bPalo Alto, Calif. : _cebrary, _d2013. _nAvailable via World Wide Web. _nAccess may be limited to ebrary affiliated libraries. |
||
| 650 | 0 |
_aCarnivora _xEcology _zNorth America _vCongresses. |
|
| 650 | 0 |
_aCarnivora _xEffect of human beings on _zNorth America _vCongresses. |
|
| 650 | 0 |
_aWildlife management _zNorth America _vCongresses. |
|
| 655 | 7 |
_aElectronic books. _2local |
|
| 700 | 1 | _aFascione, Nina. | |
| 700 | 1 | _aDelach, Aimee. | |
| 700 | 1 |
_aSmith, Martin E. _q(Martin Edgar), _d1955- |
|
| 710 | 2 | _aDefenders of Wildlife. | |
| 710 | 2 | _aebrary, Inc. | |
| 856 | 4 | 0 |
_uhttp://site.ebrary.com/lib/rucke/Doc?id=10149931 _zAn electronic book accessible through the World Wide Web; click to view |
| 999 |
_c94513 _d94513 |
||